Československá republika průmysl, obchod, peněžnictví

Bibliographic Details
Main Author: Komárek, V. (Author)
Format: Book
Language:Czech
PhysicalDescription:95 s. 15 cm 1 mapa
Published: Jekaterinburg Rusko-Československá obchodní a průmyslová komora Uralského kraje [1918]
Subjects:

MARC

LEADER 00000cam a2200000 a 4500
001 vtls008987315
003 SK-MaSNL
005 20260311151431.0
008 200228q1918 ru 000 0 cze
015 |a SNBA1918 
035 |a urn:nbn:sk:snk-am00dabq 
035 |a urn:nbn:sk:snk-am3hvcy 
035 |a B843F1C5-01A4-40A2-8DE8-A5FB0CA38262 
040 |a SNK  |b slo  |c SNK  |e AACR2 
041 0 |a cze 
044 |a ru  |c RU 
100 1 |a Komárek, V.  |4 aut  |9 759681 
245 1 0 |a Československá republika  |b průmysl, obchod, peněžnictví  |c napsal V. Komárek 
260 |a Jekaterinburg  |b Rusko-Československá obchodní a průmyslová komora Uralského kraje  |c [1918] 
300 |a 95 s.  |c 15 cm  |e 1 mapa 
500 |a pPíloha: Mapa oblastí a sídel průmyslu i nerostné těžby v zemích Československé republiky 
650 0 7 |a priemysel  |2 SNKPH  |9 1618 
650 0 7 |a obchod  |2 SNKPH  |9 2198 
650 0 7 |a bankovníctvo  |2 SNKPH  |9 2101 
651 7 |a Československo  |2 SNKPH  |9 21376 
655 7 |a štúdie  |2 SNKPH  |9 57033 
958 |a ONDV 
999 |c 1199813  |d 1201743 
952 |a SNK  |b SNK  |y VYP  |7 0  |p 17A0654766  |o snkSD 4591 D1  |i snkF 1699/89  |8 5  |3 rekatalogizácia  |0 0  |1 0  |4 0  |d 2007-05-09  |l 0  |r 2026-02-24 22:39:03  |w 2026-02-24 
952 |a SNK  |b SNK  |y PREZ  |7 0  |p 17A0907645  |o snkSD 4591  |i snk1110/41  |0 0  |1 0  |4 0  |d 2018-05-18  |f 1  |l 0  |r 2025-11-11 00:00:00  |w 2026-02-24